000 nam a22 7a 4500
999 _c7715
_d7715
008 171003b xxu||||| |||| 00| 0 eng d
100 _aKumar Romesh
_94200
245 _aNew Course Mathematics
250 _aVolume - 2
260 _aNew Delhi
_bPradeep Publication
_c2010